000 00205 a2200097 4500
020 _a9788434816770
041 _aspa
100 _aNostlinger, Christine
245 _aQuerida susi, querido paul
942 _cBK
999 _c29813
_d29811